Microanalysis of flaws in rubber compounds (Record no. 62896)

MARC details
000 -LEADER
fixed length control field 00429nam a2200169Ia 4500
100 ## - MAIN ENTRY--AUTHOR NAME
Personal name Holkamp D
245 #0 - TITLE STATEMENT
Title Microanalysis of flaws in rubber compounds
260 ## - PUBLICATION, DISTRIBUTION, ETC. (IMPRINT)
Name of publisher Kautschuk Gummi Kunststoffe
Year of publication 1991
300 ## - PHYSICAL DESCRIPTION
Number of Pages 1007-1010
650 ## - SUBJECT ADDED ENTRY--TOPICAL TERM
Topical Term Flaws in Rubber chemicals
650 ## - SUBJECT ADDED ENTRY--TOPICAL TERM
Topical Term LAMMA
650 ## - SUBJECT ADDED ENTRY--TOPICAL TERM
Topical Term Microanalysis
700 ## - ADDED ENTRY--PERSONAL NAME
Personal name Bayer G
700 ## - ADDED ENTRY--PERSONAL NAME
Personal name Holm R
942 ## - ADDED ENTRY ELEMENTS (KOHA)
Koha item type Journals
Holdings
Withdrawn status Lost status Damaged status Not for loan Home library Current library Date acquired Serial Enumeration / chronology Koha item type
      Journals RRII Library RRII Library 17/12/2021 Volume 44, Issue 11 Journals